| 000 | 00749cam a2200253 4500 | ||
|---|---|---|---|
| 001 | J571 | ||
| 008 | 090401t1991 xxu||||| |||| 00| 0 eng d | ||
| 035 | _a(Sirsi) u75558 | ||
| 041 | _aeng | ||
| 050 | _a333.0071094 | ||
| 100 | _aPlimmer, Frances | ||
| 245 | _aEducation and training of valuers in Europe : report to the Royal Institution of Chartered Surveyors | ||
| 260 |
_aPontypridd,Mid Glamorgan _bPolytechnic of Wales _c1991 |
||
| 300 | _av,60,(133)p. ; 30cm. | ||
| 350 | _a0 | ||
| 520 | _aStuart Gronow`s name misprinted on title-page as Gonow. | ||
| 650 | _aEUROPEAN COMMUNITY | ||
| 650 | _aFRANCE | ||
| 650 |
_aValuation _96273 |
||
| 690 | _aOVERSEAS-EUROPE | ||
| 700 | _aGronow, Stuart | ||
| 942 | _n0 | ||
| 948 | _c04/03/1997 | ||
| 999 |
_c96038 _d96038 |
||